000 00537nam a22001697a 4500
003 MACL
005 20160403161413.0
008 160403b xxu||||| |||| 00| 0 eng d
040 _cMACL
041 _aHindi
082 _a330
100 _aइन्‍द्रा कुशवाहा
_950418
245 _aभारतीय निर्यात एवं लघु उघोग
260 _aदिल्‍ली
_bयूनिवर्सिटी पब्लिकेशन
650 _aEconomics
_950419
942 _2ddc
_cHIN
999 _c53711
_d53711